000 00514nam a2200157Ia 4500
008 160316s2004 xxu||||| |||| 00| 0 eng d
082 _a344.010000
_bBAR
100 _aBarnard Catherine
245 _aThe future of labour law : Liber Amicorum Bob Hepple QC
250 _a
260 _aOxford
_bHart Publishing
_c2004
300 _a320p
_b
_cix
365 _bRs.3,788
650 _a1. Labor Laws & Legislation - U K 2. Labor Laws & Legislation - European Union Countries
700 _aDeakin Simon
_aMorris Gillian
999 _c23503
_d23503